000 02421nam a2200301 i 4500
003 DO-SdBNP
005 20250129121827.0
007 ta
008 231127b1992 dr c|||| |||| 00| 0 eng d
040 _aDO-SdBNP
_bspa
_cBNPHU
_erda
082 4 _a759.7293
_bM647
_222
100 1 1 _aMiller, Jeannette,
_d1944-
_983484
245 1 3 _aEl paisaje dominicano :
_bpintura y poesía /
_cJeannette Miller, Freddy Gatón Arce
264 1 _aSanto Domingo :
_bBanco BHD,
_c1992.
300 _a104 páginas
_bretratos
_c32 cm.
336 _2rdacontent
_atexto
_btxt
337 _2rdamedia
_asin mediación
_bn
338 _2rdacarrier
_avolumen
_bnc
500 _aIncluye datos biografícos de los autores en las paginas 101 y 102.
500 _aIncluye datos sobre los poetas en las paginas 97-99.
500 _aVigésimo aniversario empresas BHD.
504 _aBibliografía p: 24.
505 0 _rJeannette Miller --
_tEl paisaje en la pintura dominicana /
_rFreddy Gatón Arce --
_tNota sobre los poemas /
_rEmilio Prud´Homme --
_tContrastes /
_rVigil Diaz --
_tTímpano de la montaña /
_rVíctor Garrido --
_tEl camino en la montaña /
_rRicardo Pérez Alfonseca --
_tCrepúsculo /
_rDomingo Moreno Jiménez --
_tPaisajes /
_rRafael Américo Henríquez --
_tVa cantando /
_rManuel Llanes --
_tNoche ya /
_rTomás Hernández Franco --
_tOtro después /
_rFranklin Mieses Burgos --
_tEl río /
_rHéctor Inchaustegui Cabral --
_tPor Copacabana buscando -trece /
_rManuel del Cabral --
_tHuésped primero /
_rPedro Mir --
_tMaterial de mi aldea /
_rRubén Suro --
_tSoneto de yodo y sal /
_rAida Cartagena Portalatín --
_tFiesta del regreso /
_rFreddy Gatón Arce --
_tLa tala /
_rManuel Rueda --
_tEl pequeño dios /
_rRamón Francisco --
_tLos techos /
_rLupo Hernández Rueda --
_tCrónicas del Sur -XVII /
_rAbelardo Vicioso --
_tArgumento de la sangre -I /
_rMáximo Avilés Blonda --
_tVerano III /
_rRafael Lara Cintrón --
_tViento de las praderas /
_rLuis Alfredo Torres --
_tAsidero /
_rRené del Risco Bermúdez --
_tLas ramas /
_rJeannette Miller --
_tDesandando /
_rJuan Carlos Mieses --
_tCiudad de siempre /
_rJosé Enrique García --
_tEl fabulador /
_rSoledad Alvarez --
_tPaisaje /
_rRafael García Bidó --
_tCiudades /
_rCayo Claudio Espinal --
_tUtopía de los vínculos /
_rJosé Mármol --
_tPoema 24 al Ozama: acuarela /
590 _aInventariado, 2023/ YL
700 1 _aGatón Arce, Freddy,
_d1920-1994
_epoesía
_97946
910 _aYLockward
942 _2ddc
_cLBS1
999 _c55348
_d55348